[Event "Medellin Conconcreto op"]
[Site "Medellin"]
[Date "2018.01.28"]
[Round "7"]
[White "Ruiz Agudelo, Santiago"]
[Black "Lopez Cardona, Diego"]
[Result "0-1"]
[WhiteElo "1877"]
[BlackElo "2024"]
[PlyCount "64"]
[EventDate "2018.01.24"]
[EventType "swiss"]
[EventRounds "7"]
[EventCountry "COL"]
[SourceTitle "CBM 182 Extra"]
[Source "ChessBase"]
[SourceDate "2018.02.23"]
[SourceVersion "1"]
[SourceVersionDate "2018.02.23"]
[SourceQuality "1"]

1. e4 c5 2. Nf3 e6 3. d4 cxd4 4. Nxd4 a6 5. Bd3 Nc6 6. Nb3 Nf6 7. c4 Be7 8. Qe2 d6 9. 0-0 0-0 10. Nc3 Ne5 11. Bc2 Qc7 12. Nd2 Bd7 13. f4 Nc6 14. b3 Nd4 15. Qd3 Nxc2 16. Qxc2 b5 17. Qd3 Rac8 18. Bb2 Rfd8 19. Rae1 Bf8 20. Kh1 bxc4 21. Nxc4 Bc6 22. Nd2 d5 23. e5 Ne4 24. Ndxe4 dxe4 25. Qxa6 Rd2 26. Re2 Bb7 27. Qb5 Rcd8 28. h3 Qc8 29. Rxd2 Rxd2 30. Na4 Ba6 31. Qa5 Rxb2 32. Nxb2 Bxf1 0-1

[Event "Medellin Conconcreto op"]
[Site "Medellin"]
[Date "2018.01.27"]
[Round "4"]
[White "Lopez Cardona, Diego"]
[Black "Zuniga, Eddy Andres"]
[Result "1-0"]
[WhiteElo "2024"]
[BlackElo "1929"]
[PlyCount "77"]
[EventDate "2018.01.24"]
[EventType "swiss"]
[EventRounds "7"]
[EventCountry "COL"]
[SourceTitle "CBM 182 Extra"]
[Source "ChessBase"]
[SourceDate "2018.02.23"]
[SourceVersion "1"]
[SourceVersionDate "2018.02.23"]
[SourceQuality "1"]

1. d4 d5 2. c4 c6 3. Nf3 Nf6 4. g3 g6 5. Bg2 Bg7 6. 0-0 0-0 7. Nc3 Ne4 8. Qb3 Nxc3 9. bxc3 dxc4 10. Qxc4 Be6 11. Qb4 Qc8 12. Ng5 a5 13. Qxe7 Re8 14. Qd6 Bc4 15. Be3 Bxe2 16. Rfe1 Bc4 17. Qf4 f5 18. h4 h6 19. Nf3 Nd7 20. h5 Re4 21. Qd6 Re6 22. Qa3 g5 23. Bd2 Qf8 24. Qb2 Rb8 25. Rxe6 Bxe6 26. Re1 Qf6 27. Qa3 Bd5 28. Qxa5 Qd6 29. Bc1 Nf6 30. c4 Be4 31. Ba3 Qd8 32. Qxd8+ Rxd8 33. Be7 Ra8 34. a3 Ng4 35. Bc5 b6 36. Bxb6 Rxa3 37. Ne5 Bxe5 38. Bxe4 fxe4 39. Rxe4 1-0